| 000 | 01351nam a2200205Ia 4500 | ||
|---|---|---|---|
| 003 | Ost | ||
| 005 | 20260507075747.0 | ||
| 008 | 260507s9999||||xx |||||||||||||| ||und|| | ||
| 020 | _a75339961977 | ||
| 040 | _cfsecg | ||
| 041 | _aara | ||
| 082 | _a330 | ||
| 100 |
_aالسالوس، أحمد علي _eمؤلف |
||
| 245 | 0 |
_aالإقتصاد الإسلامي والقضايا الفقهية المعاصرة / _c أحمد علي السالوس |
|
| 260 |
_aالدوحة: _bدار الثقافة, _c1998 |
||
| 300 |
_a1061 صفحة؛ _bإيضاحات ؛ _c25 سم |
||
| 520 | _aالإقتصاد الإسلامي ودور الفقه في تأصيله- مبادئ الإقتصاد الإسلامي- دور الفقه في خصائص -دور الفقه في المبادئ- دور الفقه في النشاط الإقتصادي المعاصر- حكم ودائع البنوك وشهادات الإستثمار في الفقه الإسلامي- البنوك والإستثمار- الرد على الذين أباحو فائدة البنوك- من القضايا الفقهية المعاصرة- فتاوى وقرارات المجامع في القضايا الفقهية المعاصرة- العقود البديلة للقروض الربوية في التطبيق المعاصر. | ||
| 653 | _aالإقتصاد الإسلامي | ||
| 942 | _cكتاب | ||
| 999 |
_c46197 _d46197 |
||